000 00388 a2200157 4500
005 20250626062108.0
020 _a0-3-324-42238-5
082 _a658.3 BOH
100 _aGEORGE, B.
245 _aManaging Human Resources,
250 _a14th Ed.
260 _aNew York,
_bUSA,
_c2007.
300 _axxxi.; 783p.; picture,
_bGlossary & Index
_c26cm.
700 _aSNELL, S.
942 _2ddc
_cBKS
999 _c5191
_d5191